[Event "Asia-ch U14 Girls"]
[Site "Al Ain"]
[Date "2023.12.18"]
[Round "6"]
[White "Saparya, Ghosh"]
[Black "Mouza, Nasser Alshamsi"]
[Result "1-0"]
[WhiteElo "1662"]
[BlackElo "1342"]
[PlyCount "75"]
[EventDate "2023.12.14"]
[EventType "swiss"]
[EventRounds "9"]
[EventCountry "UAE"]
[SourceTitle "EXT 2025"]
[Source "ChessBase"]
[SourceDate "2024.10.14"]
[SourceVersion "1"]
[SourceVersionDate "2024.10.14"]
[SourceQuality "1"]

1. d4 Nf6 2. c4 e6 3. Nc3 Bb4 4. Bd2 b6 5. Nf3 Bb7 6. e3 c5 7. Bd3 cxd4 8. exd4 d5 9. Qa4+ Nc6 10. cxd5 Nxd5 11. Bb5 Qd6 12. Ne5 Rc8 13. Qxa7 0-0 14. Bxc6 Bxc6 15. Qa6 f6 16. Nxc6 Qxc6 17. 0-0 Bxc3 18. bxc3 Ra8 19. Qe2 Ra4 20. Rfe1 Re8 21. Qd3 Rea8 22. Rab1 Rxa2 23. c4 Nc7 24. Bb4 Na6 25. Bd2 Nc7 26. Bb4 Na6 27. h3 Nxb4 28. Rxb4 Ra1 29. Rbb1 R1a3 30. Qe2 Kf7 31. Qh5+ Kg8 32. d5 Qxc4 33. Rxe6 Qc8 34. Re7 Qf8 35. d6 R3a5 36. Qg4 Ra4 37. Qe6+ Kh8 38. d7 1-0

[Event "IND-ch U13 Girls"]
[Site "Secunderabad"]
[Date "2023.12.10"]
[Round "11"]
[White "Saparya, Ghosh"]
[Black "Singh, Myra"]
[Result "1-0"]
[WhiteElo "1662"]
[BlackElo "1454"]
[PlyCount "81"]
[EventDate "2023.12.04"]
[EventType "swiss"]
[EventRounds "11"]
[EventCountry "IND"]
[SourceTitle "EXT 2025"]
[Source "ChessBase"]
[SourceDate "2024.10.14"]
[SourceVersion "1"]
[SourceVersionDate "2024.10.14"]
[SourceQuality "1"]

1. d4 d5 2. c4 e6 3. Nc3 Nf6 4. cxd5 exd5 5. Bg5 Be7 6. e3 c6 7. Bd3 h6 8. Bh4 0-0 9. Nge2 Nbd7 10. f3 Re8 11. 0-0 Nb6 12. Bf2 Be6 13. Nf4 Bd6 14. Nxe6 fxe6 15. Bg6 Rf8 16. f4 Qe7 17. Bh4 Qd7 18. g4 Nc4 19. Re1 Nxb2 20. Qe2 Nc4 21. g5 Nh7 22. Qc2 Nxg5 23. fxg5 hxg5 24. Bxg5 e5 25. Qg2 Qe6 26. Bd3 Bb4 27. Rac1 Bxc3 28. Rxc3 exd4 29. Rc2 Nxe3 30. Qg3 Rfe8 31. Rg2 Qf7 32. Qh3 Nf5 33. Rf1 g6 34. Bxf5 Qh7 35. Bh6 Re3 36. Bxe3 Qxh3 37. Bxh3 dxe3 38. Rxg6+ Kh7 39. Bf5 Kh8 40. Rf3 e2 41. Rh3# 1-0

[Event "IND-ch U13 Girls"]
[Site "Secunderabad"]
[Date "2023.12.07"]
[Round "6"]
[White "Saparya, Ghosh"]
[Black "Kirthika, B."]
[Result "1/2-1/2"]
[WhiteElo "1662"]
[BlackElo "1605"]
[PlyCount "76"]
[EventDate "2023.12.04"]
[EventType "swiss"]
[EventRounds "11"]
[EventCountry "IND"]
[SourceTitle "EXT 2025"]
[Source "ChessBase"]
[SourceDate "2024.10.14"]
[SourceVersion "1"]
[SourceVersionDate "2024.10.14"]
[SourceQuality "1"]

1. d4 Nf6 2. c4 g6 3. g3 Bg7 4. Bg2 0-0 5. Nc3 d6 6. h3 e5 7. Nf3 Nc6 8. 0-0 exd4 9. Nxd4 Bd7 10. Be3 Re8 11. Qd2 Qc8 12. Kh2 Ne5 13. b3 h5 14. Nf3 a6 15. Nxe5 dxe5 16. Bg5 Bc6 17. Bxc6 bxc6 18. Rad1 Qf5 19. Bxf6 Qxf6 20. Ne4 Qe7 21. Qd7 f5 22. Nc3 Qxd7 23. Rxd7 e4 24. Na4 Be5 25. Nc5 a5 26. Rfd1 Ra7 27. Rd8 Rxd8 28. Rxd8+ Kf7 29. Nd7 Bd6 30. Rc8 c5 31. Kg2 Rb7 32. Rb8 Ra7 33. Rc8 Rb7 34. Rb8 Ra7 35. Rc8 Rb7 36. Rb8 Ra7 37. Rc8 Rb7 38. Rb8 Ra7 1/2-1/2